| 000 | 00864nam a2200217Ia 4500 | ||
|---|---|---|---|
| 003 | Ost | ||
| 005 | 20260507075642.0 | ||
| 008 | 260507s9999||||xx |||||||||||||| ||und|| | ||
| 040 | _cfsecg | ||
| 041 | _aara | ||
| 082 | _a309.212 | ||
| 100 |
_aالأسعد، محمد مصطفى _eمؤلف |
||
| 245 | 0 |
_aالتنمية ورسالة الجامعة في الألف الثالث / _c محمد مصطفى الأسعد |
|
| 260 |
_aبيروت: _bالمؤسسة الجامعية للدراسات والنشر والتوزيع, _c2000 |
||
| 300 |
_a214 صفحة؛ _bإيضاحات ؛ _c24 سم |
||
| 504 | _aالمراجع ص.193 الملاحق ص.206 | ||
| 520 | _aقضايا في التنمية والتخلف ، دور الجامعة في مواجهة تحديات التنمية | ||
| 653 | _aالتنمية | ||
| 653 | _aالجامعة | ||
| 942 | _cكتاب | ||
| 999 |
_c45421 _d45421 |
||